|
|
|
|
| LEADER |
00000nam0a2200000 4500 |
| 001 |
43654 |
| 005 |
20231031021345.0 |
| 035 |
|
|
|a (RuTPU)RU\TPU\book\45174
|
| 090 |
|
|
|a 43654
|
| 100 |
|
|
|a 20021015d1977 m y0rusy50 ca
|
| 101 |
0 |
|
|a rus
|
| 102 |
|
|
|a RU
|
| 105 |
|
|
|a a j 001zy
|
| 200 |
1 |
|
|a Физика твердого тела
|e учебное пособие
|f Г. И. Епифанов
|
| 205 |
|
|
|a 2-е изд., перераб. и доп.
|
| 210 |
|
|
|a Москва
|c Высшая школа
|d 1977
|
| 215 |
|
|
|a 288 с.
|c ил.
|
| 320 |
|
|
|a Список лит.: с. 282-283.
|
| 320 |
|
|
|a Предм. указ.: с. 284-286.
|
| 610 |
1 |
|
|a физика
|
| 610 |
1 |
|
|a твердые тела
|
| 610 |
1 |
|
|a структура
|
| 610 |
1 |
|
|a свойства
|
| 610 |
1 |
|
|a механические свойства
|
| 610 |
1 |
|
|a физическая статистика
|
| 610 |
1 |
|
|a тепловые свойства
|
| 610 |
1 |
|
|a зонная теория
|
| 610 |
1 |
|
|a электропроводность
|
| 610 |
1 |
|
|a магнитные свойства
|
| 610 |
1 |
|
|a контактные явления
|
| 610 |
1 |
|
|a термоэлектрические явления
|
| 610 |
1 |
|
|a гальваномагнитные явления
|
| 610 |
1 |
|
|a учебные пособия
|
| 675 |
|
|
|a 539.2(075.8)
|v 3
|
| 700 |
|
1 |
|a Епифанов
|b Г. И.
|g Георгий Иванович
|
| 801 |
|
1 |
|a RU
|b 63413507
|c 20021015
|g PSBO
|
| 801 |
|
2 |
|a RU
|b 63413507
|c 20160229
|g PSBO
|
| 900 |
|
|
|a Теория строения материалов
|
| 942 |
|
|
|c BK
|